000 00506nam a2200181Ia 4500
999 _c28608
_d28608
003 OSt
005 20210106131009.0
008 190216s9999||||xx |||||||||||||| ||und||
020 _a9788122603880
040 _coclc
082 _a894.8129
_bKUN/A
100 _aKunjuraman, C V
_97892
245 0 _aAsan Smaranakal /
_cC V Kunjuraman
260 _bCurrent Books,
_aThrissur:
_c2004.
300 _a72p
650 _aOormakurip
942 _cBK
_2ddc
_h894.8129
_iKUN/A
_k894.8129
_mKUN/A